| 000 | 01287cam a22003013a 4500 | ||
|---|---|---|---|
| 001 | 4316 | ||
| 003 | PGUSA | ||
| 005 | 20140828083052.0 | ||
| 008 | 030801s2003||||xxu|||||s|||||000 | eng d | ||
| 040 |
_aPGUSA _beng |
||
| 042 | _adc | ||
| 050 | 4 | _aF786 | |
| 100 | 1 |
_aDellenbaugh, Frederick Samuel, _d1853-1935 |
|
| 245 | 1 | 4 |
_aThe Romance of the Colorado River : _bThe Story of its Discovery in 1840, with an Account of the Later Explorations, and with Special Reference to the Voyages of Powell through the Line of the Great Canyons _h[electronic resource] / _cFrederick Samuel Dellenbaugh |
| 260 |
_bProject Gutenberg, _c2003 |
||
| 506 | _aPublic domain in the USA. | ||
| 516 | _aElectronic text | ||
| 653 | _aGrand Canyon (Ariz.) -- Description and travel | ||
| 653 | _aGrand Canyon (Ariz.) -- Discovery and exploration | ||
| 653 | _aColorado River (Colo.-Mexico) -- Description and travel | ||
| 653 | _aColorado River (Colo.-Mexico) -- Discovery and exploration | ||
| 653 | _aColorado River Valley (Colo.-Mexico) -- Description and travel | ||
| 653 | _aColorado River Valley (Colo.-Mexico) -- Discovery and exploration | ||
| 653 | _aPowell, John Wesley, 1834-1902 | ||
| 830 | 0 |
_aProject Gutenberg _v4316 |
|
| 856 | 4 | 0 | _uhttp://www.gutenberg.org/ebooks/4316 |
| 942 | _cEB | ||
| 999 |
_c233645 _d233645 |
||